[Event "32nd ECC Open 2016"]
[Site "Novi Sad SRB"]
[Date "2016.11.11"]
[Round "6.17"]
[Board "1"]
[White "Kharchenko, Boris"]
[Black "Korsunsky, Yuri"]
[Result "1-0"]
[WhiteTitle "GM"]
[BlackTitle "IM"]
[WhiteElo "2450"]
[BlackElo "2411"]
[WhiteTeam "LugPokerChess"]
[BlackTeam "Perfect"]
[WhiteFideId "14113210"]
[BlackFideId "14102722"]
[EventDate "2016.11.06"]

1. e4 c5 2. Nf3 d6 3. c3 Nf6 4. Bd3 Nc6 5. h3 e5 6. O-O d5 7. exd5 Nxd5 8. Bb5
Bd6 9. Re1 O-O 10. Bxc6 bxc6 11. Nxe5 Bxe5 12. Rxe5 Nf4 13. d4 Ne6 14. Na3 cxd4
15. cxd4 Qxd4 16. Qxd4 Nxd4 17. Be3 Nf5 18. Rc1 Be6 19. b3 Nxe3 20. Rxe3 Bd5 21.
Nc4 Rfe8 22. Rxe8+ Rxe8 23. Ne3 Kf8 24. Nxd5 cxd5 25. Kf1 a6 26. Rc5 Re6 27.
Rxd5 Rc6 28. Ke2 Rc2+ 29. Rd2 Rc6 30. Kd3 Ke7 31. Rc2 Rd6+ 32. Kc3 Rc6+ 33. Kb2
Rg6 34. f3 Kd7 35. b4 h5 36. Kb3 h4 37. a4 Rg5 38. b5 a5 39. Kc4 Kd6 40. Kd4
Rd5+ 41. Ke3 Re5+ 42. Kf2 Rd5 43. Rc6+ Ke5 44. Ke3 Rd1 45. Ra6 Rb1 46. Rxa5 Kf5
47. Ra7 Rb2 1-0

[Event "32nd ECC Open 2016"]
[Site "Novi Sad SRB"]
[Date "2016.11.11"]
[Round "6.17"]
[Board "2"]
[White "Gluhovsky, Mark"]
[Black "Shagbazyan, Taron"]
[Result "1/2-1/2"]
[BlackTitle "FM"]
[WhiteElo "2282"]
[BlackElo "2423"]
[WhiteTeam "Perfect"]
[BlackTeam "LugPokerChess"]
[WhiteFideId "24165514"]
[BlackFideId "14122073"]
[EventDate "2016.11.06"]

1. e4 c5 2. Nf3 d6 3. d4 cxd4 4. Nxd4 Nf6 5. Nc3 Nc6 6. Bg5 Bd7 7. Qd2 Rc8 8.
O-O-O Nxd4 9. Qxd4 Qa5 10. f4 h6 11. Bxf6 gxf6 12. f5 Qc5 13. Be2 h5 14. g3 Qxd4
15. Rxd4 h4 16. Rd3 hxg3 17. Rxg3 Bh6+ 18. Kd1 Bf4 19. Rg4 Be5 20. Rhg1 e6 21.
h4 Bxc3 22. bxc3 exf5 23. exf5 Bxf5 24. Rf4 Rc5 25. h5 Ke7 26. Bf3 Be6 27. Kd2
Ra5 28. a4 b6 29. Rc4 Rg5 30. Bh1 Rh6 31. Rd4 Rf5 32. Ke3 Re5+ 33. Kd2 Rf5 34.
Ke3 Re5+ 35. Kd2 Rf5 1/2-1/2

[Event "32nd ECC Open 2016"]
[Site "Novi Sad SRB"]
[Date "2016.11.11"]
[Round "6.17"]
[Board "3"]
[White "Kostromin, Mikhail"]
[Black "Kurochkin, Victor"]
[Result "1/2-1/2"]
[WhiteTitle "IM"]
[WhiteElo "2306"]
[BlackElo "2410"]
[WhiteTeam "LugPokerChess"]
[BlackTeam "Perfect"]
[WhiteFideId "2807807"]
[BlackFideId "4105168"]
[EventDate "2016.11.06"]

1. e4 c5 2. Nf3 d6 3. d4 cxd4 4. Nxd4 Nf6 5. Nc3 a6 6. Bc4 e6 7. a4 Be7 8. O-O
O-O 9. Be3 Qc7 10. Qe2 b6 11. f4 Nbd7 12. f5 e5 13. Nf3 Bb7 14. Bg5 h6 15. Bh4
Rfe8 16. Rad1 d5 17. Bxd5 Nxd5 18. Nxd5 Bxd5 19. exd5 Bxh4 20. Nxh4 Nf6 21. Kh1
Rac8 22. Qxa6 Qxc2 23. d6 Ra8 24. Qxb6 Qxa4 25. b4 Rab8 26. Qc7 Rec8 27. Qa5
Qxb4 28. Qxb4 Rxb4 29. Nf3 e4 30. Ne5 Rb6 31. Rd4 Rd8 32. Rfd1 e3 33. h3 e2 34.
Re1 Rbxd6 35. Rxd6 Rxd6 36. Rxe2 1/2-1/2

[Event "32nd ECC Open 2016"]
[Site "Novi Sad SRB"]
[Date "2016.11.11"]
[Round "6.17"]
[Board "4"]
[White "Alekseev, Andrey"]
[Black "Palkovich, Denis"]
[Result "0-1"]
[WhiteTitle "IM"]
[BlackTitle "FM"]
[WhiteElo "2337"]
[BlackElo "2118"]
[WhiteTeam "Perfect"]
[BlackTeam "LugPokerChess"]
[WhiteFideId "4106873"]
[BlackFideId "14113260"]
[EventDate "2016.11.06"]

1. e4 d5 2. exd5 Qxd5 3. Nc3 Qa5 4. d4 Nf6 5. Nf3 Nc6 6. Bd2 a6 7. Bc4 Qh5 8.
Bf4 Bg4 9. Be2 O-O-O 10. O-O Qf5 11. Be3 e5 12. d5 e4 13. Nh4 Qh5 14. Bxg4+ Nxg4
15. g3 Nce5 16. h3 Nf3+ 17. Nxf3 Nxe3 18. fxe3 exf3 19. Kh2 Bb4 20. Qxf3 Qxf3
21. Rxf3 Bxc3 22. bxc3 Rxd5 23. Rxf7 Rd2+ 24. Kg1 Rxc2 25. Rd1 Rxc3 26. Kf2 Rc2+
27. Kf3 Rxa2 28. Rc1 Kb8 29. Rcxc7 Rb2 30. Rxg7 h6 31. Rce7 a5 32. Re5 a4 33.
Ra5 Rf8+ 34. Kg4 Rb4+ 35. Kh5 Rf6 36. e4 Rxe4 37. Rb5 b6 38. Rd5 Re8 39. Rdd7
Rf5+ 40. Kxh6 Ra5 41. Rb7+ Ka8 42. Rxb6 a3 43. Rb1 a2 44. Ra1 Rh8+ 45. Kg6 Rxh3
46. g4 Rb3 47. Rf7 Rb1 48. Rf1 Rxf1 49. Rxf1 a1=Q 50. Rxa1 Rxa1 51. g5 Kb7 52.
Kf7 Rf1+ 53. Kg7 Kc7 54. g6 Kd7 55. Kh7 Rh1+ 56. Kg8 Ke7 57. g7 Rg1 58. Kh7 Kf7
59. Kh6 Rh1+ 0-1

[Event "32nd ECC Open 2016"]
[Site "Novi Sad SRB"]
[Date "2016.11.11"]
[Round "6.17"]
[Board "6"]
[White "Pleshkov, Mikhail"]
[Black "Shvyriaev, Artem"]
[Result "0-1"]
[WhiteElo "1888"]
[BlackElo "2116"]
[WhiteTeam "Perfect"]
[BlackTeam "LugPokerChess"]
[WhiteFideId "34106917"]
[BlackFideId "14118181"]
[EventDate "2016.11.06"]

1. d4 Nf6 2. Nf3 g6 3. g3 Bg7 4. Bg2 O-O 5. O-O d6 6. c4 Nc6 7. d5 Na5 8. Qa4 c5
9. Bd2 b6 10. Bxa5 bxa5 11. Nc3 Rb8 12. Qc2 Qb6 13. Rab1 Ba6 14. Nd2 Ng4 15. Bh3
Ne5 16. b3 Bc8 17. Bxc8 Rbxc8 18. h3 f5 19. f4 Nd7 20. e4 Bxc3 21. Qxc3 Qb4 22.
Qd3 Nf6 23. exf5 gxf5 24. Rbe1 Rce8 25. Re2 Rf7 26. Qxf5 Qc3 27. Kg2 Rg7 28. Rf3
Qd4 29. Rfe3 Kh8 30. Nf3 Qa1 31. Re6 Reg8 32. g4 Nxg4 33. hxg4 Rxg4+ 34. Kh2
Rh4+ 35. Qh3 Rxh3+ 36. Kxh3 Qh1+ 0-1

[Event "32nd ECC Open 2016"]
[Site "Novi Sad SRB"]
[Date "2016.11.11"]
[Round "6.18"]
[Board "1"]
[White "Maslik, Miroslav"]
[Black "Ragger, Markus"]
[Result "0-1"]
[WhiteTitle "IM"]
[BlackTitle "GM"]
[WhiteElo "2337"]
[BlackElo "2694"]
[WhiteTeam "SK Modra"]
[BlackTeam "SC MPO Maria Saal"]
[WhiteFideId "14902192"]
[BlackFideId "1610856"]
[EventDate "2016.11.06"]

1. d4 Nf6 2. c4 g6 3. Nc3 d5 4. cxd5 Nxd5 5. e4 Nxc3 6. bxc3 Bg7 7. Nf3 c5 8.
Rb1 O-O 9. Be2 Nd7 10. O-O Nf6 11. Qd3 b6 12. Bg5 h6 13. Bf4 cxd4 14. cxd4 Bb7
15. d5 e6 16. dxe6 fxe6 17. Qb3 Nxe4 18. Qxe6+ Kh7 19. Rbd1 Qe8 20. Qxe8 Raxe8
21. Bb5 Re7 22. Bc1 Rc7 23. Ba3 Rf5 24. Be8 Nf6 25. Ba4 Rc3 26. Bb2 Rc4 0-1

[Event "32nd ECC Open 2016"]
[Site "Novi Sad SRB"]
[Date "2016.11.11"]
[Round "6.18"]
[Board "2"]
[White "Naumann, Alexander"]
[Black "Schwarz, Dusan"]
[Result "1-0"]
[WhiteTitle "GM"]
[WhiteElo "2561"]
[BlackElo "2278"]
[WhiteTeam "SC MPO Maria Saal"]
[BlackTeam "SK Modra"]
[WhiteFideId "4623169"]
[BlackFideId "14903890"]
[EventDate "2016.11.06"]

1. d4 d5 2. c4 c6 3. Nf3 Nf6 4. Nc3 e6 5. e3 Nbd7 6. Qc2 Bd6 7. Bd3 O-O 8. O-O
dxc4 9. Bxc4 b5 10. Be2 Bb7 11. e4 e5 12. dxe5 Nxe5 13. Nd4 Qb6 14. Nf5 Bc5 15.
Bg5 Nfg4 16. Bh4 g6 17. Bxg4 Nxg4 18. h3 Ne5 19. Bf6 Rfe8 20. Nh6+ Kf8 21. Rad1
Bc8 22. Qc1 Nc4 23. Na4 bxa4 24. Qxc4 Be6 25. Qc3 Rec8 26. Bg5 Ke8 27. Qh8+ Bf8
28. Ng8 f6 29. Nxf6+ Kf7 30. Qg8+ 1-0

[Event "32nd ECC Open 2016"]
[Site "Novi Sad SRB"]
[Date "2016.11.11"]
[Round "6.18"]
[Board "3"]
[White "Federic, Jozef"]
[Black "Kreisl, Robert"]
[Result "0-1"]
[WhiteTitle "FM"]
[BlackTitle "IM"]
[WhiteElo "2290"]
[BlackElo "2448"]
[WhiteTeam "SK Modra"]
[BlackTeam "SC MPO Maria Saal"]
[WhiteFideId "14910659"]
[BlackFideId "1613880"]
[EventDate "2016.11.06"]

1. d4 g6 2. Nf3 Bg7 3. Bf4 d6 4. e3 Nd7 5. Nc3 e6 6. Be2 Ne7 7. h4 h6 8. Qd2 a6
9. O-O-O b5 10. e4 Bb7 11. Bd3 Qc8 12. Kb1 b4 13. Ne2 d5 14. Ng3 c5 15. exd5
Bxd5 16. Ne4 Qc6 17. dxc5 Rd8 18. Qe3 O-O 19. Ned2 Bxa2+ 20. Kxa2 Nd5 21. Qe4
Qa4+ 22. Kb1 Bxb2 23. Nb3 Nc3+ 24. Kxb2 Qa3# 0-1

[Event "32nd ECC Open 2016"]
[Site "Novi Sad SRB"]
[Date "2016.11.11"]
[Round "6.18"]
[Board "4"]
[White "Halvax, Georg"]
[Black "Banas, Kamil"]
[Result "1-0"]
[WhiteTitle "FM"]
[WhiteElo "2373"]
[BlackElo "2243"]
[WhiteTeam "SC MPO Maria Saal"]
[BlackTeam "SK Modra"]
[WhiteFideId "1619543"]
[BlackFideId "14902141"]
[EventDate "2016.11.06"]

1. Nf3 d5 2. g3 c5 3. Bg2 Nc6 4. O-O g6 5. d3 Bg7 6. Nbd2 Nf6 7. e4 d4 8. a4 O-O
9. Nc4 Nd7 10. Ng5 h6 11. Nh3 Nde5 12. Nxe5 Nxe5 13. f4 Nc6 14. f5 e6 15. f6
Bxf6 16. Bxh6 Bg7 17. Qd2 Ne5 18. Nf2 Bxh6 19. Qxh6 Qf6 20. Qf4 Qh8 21. Ng4 Nxg4
22. Qxg4 e5 23. Qg5 Qh5 24. Qxh5 gxh5 25. Bf3 Bg4 26. Bxg4 hxg4 27. Rf5 f6 28.
Rh5 Rf7 29. Rf1 Raf8 30. Rh4 Rg7 31. Rh6 f5 32. exf5 Rg5 33. Re6 Rgxf5 34. Rg6+
Kh7 35. Rxf5 Rxf5 36. Rxg4 Rf7 37. Kg2 Re7 38. b3 b6 39. h4 a6 40. Kf3 Rf7+ 41.
Ke2 b5 42. axb5 axb5 43. Rg5 Re7 44. Rf5 b4 45. Kf3 e4+ 46. dxe4 c4 47. bxc4 Rc7
48. c5 d3 49. cxd3 b3 50. c6 Rxc6 51. Rb5 1-0

[Event "32nd ECC Open 2016"]
[Site "Novi Sad SRB"]
[Date "2016.11.11"]
[Round "6.18"]
[Board "5"]
[White "Mydlarik, Martin"]
[Black "Ertl, Johann"]
[Result "0-1"]
[BlackTitle "FM"]
[WhiteElo "2084"]
[BlackElo "2306"]
[WhiteTeam "SK Modra"]
[BlackTeam "SC MPO Maria Saal"]
[WhiteFideId "14904829"]
[BlackFideId "1613626"]
[EventDate "2016.11.06"]

1. e4 e6 2. d4 d5 3. Nc3 Bb4 4. e5 c5 5. a3 Bxc3+ 6. bxc3 Qa5 7. Bd2 Qa4 8. Nf3
b6 9. Bd3 Ba6 10. Be3 cxd4 11. cxd4 Ne7 12. O-O Nbc6 13. Qe2 Bxd3 14. Qxd3 h6
15. h4 Na5 16. Rfb1 Rc8 17. Qa6 Qd7 18. Bd2 Nc4 19. Bb4 Nc6 20. a4 Nxb4 21. Rxb4
O-O 22. Qb5 Rc6 23. Rbb1 Rfc8 24. g3 Qe7 25. Rd1 Na3 26. Qb2 Nxc2 27. Rac1 Qc7
28. Rb1 a5 29. Ne1 Nb4 30. Qe2 Rc3 31. Qg4 Qc4 32. Ng2 Qa2 33. Ra1 Qc2 34. Ne3
Qg6 35. Qe2 R8c6 36. h5 Qe4 37. Qf1 Nd3 0-1

[Event "32nd ECC Open 2016"]
[Site "Novi Sad SRB"]
[Date "2016.11.11"]
[Round "6.18"]
[Board "6"]
[White "Rieger, Robert"]
[Black "Kijac, Miroslav"]
[Result "1-0"]
[WhiteTitle "FM"]
[WhiteElo "2287"]
[BlackElo "2106"]
[WhiteTeam "SC MPO Maria Saal"]
[BlackTeam "SK Modra"]
[WhiteFideId "1625527"]
[BlackFideId "14902389"]
[EventDate "2016.11.06"]

1. e4 e6 2. d4 d5 3. Nc3 dxe4 4. Nxe4 Bd7 5. Nf3 Bc6 6. Bd3 Nd7 7. Qe2 Ngf6 8.
Ng3 Be7 9. Bd2 O-O 10. O-O-O Bxf3 11. Qxf3 c5 12. Be3 Qa5 13. Kb1 cxd4 14. Bxd4
Nc5 15. Nh5 e5 16. Bxc5 Bxc5 17. Nxf6+ gxf6 18. Qg4+ Kh8 19. Qf5 1-0

[Event "32nd ECC Open 2016"]
[Site "Novi Sad SRB"]
[Date "2016.11.11"]
[Round "6.19"]
[Board "1"]
[White "Kristensen, Kaare Hove"]
[Black "Kiik, Kalle"]
[Result "0-1"]
[WhiteTitle "FM"]
[BlackTitle "IM"]
[WhiteElo "2374"]
[BlackElo "2403"]
[WhiteTeam "Skakklubben Nordkalotten"]
[BlackTeam "Salon Shakkikerho"]
[WhiteFideId "1400940"]
[BlackFideId "4500075"]
[EventDate "2016.11.06"]

1. Nf3 d5 2. d4 Bf5 3. c4 e6 4. cxd5 exd5 5. Qb3 Nc6 6. Bd2 Rb8 7. Nc3 Nf6 8.
Bg5 Nb4 9. Rc1 c6 10. a3 Na6 11. e3 Nc7 12. Ne5 Be7 13. Be2 O-O 14. O-O Nce8 15.
Qa4 a6 16. b4 Nd6 17. Qb3 Rc8 18. a4 b5 19. axb5 axb5 20. Ra1 Nc4 21. Bxc4 dxc4
22. Qb2 Qd6 23. Ra6 Qxb4 24. Qd2 Ne4 25. Nxe4 Bxe4 26. Qxb4 Bxb4 27. Nd7 Ra8 28.
Rfa1 Rxa6 29. Rxa6 Re8 30. f3 Bf5 31. Ne5 f6 32. Nxc6 Bf8 33. Bf4 g5 34. Bg3
Rxe3 35. Kf2 Re8 36. Na7 b4 37. Rxf6 Bd3 38. Be5 b3 39. Nb5 b2 40. Nc3 Bb4 0-1

[Event "32nd ECC Open 2016"]
[Site "Novi Sad SRB"]
[Date "2016.11.11"]
[Round "6.19"]
[Board "2"]
[White "Niemi, Kalle"]
[Black "Sylvan, Jacob"]
[Result "0-1"]
[WhiteTitle "FM"]
[BlackTitle "FM"]
[WhiteElo "2337"]
[BlackElo "2376"]
[WhiteTeam "Salon Shakkikerho"]
[BlackTeam "Skakklubben Nordkalotten"]
[WhiteFideId "504378"]
[BlackFideId "1402137"]
[EventDate "2016.11.06"]

1. d4 d5 2. c4 e6 3. Nf3 Nf6 4. g3 dxc4 5. Bg2 a6 6. Ne5 c5 7. Na3 cxd4 8. Naxc4
Bc5 9. O-O O-O 10. Bg5 Nbd7 11. Rc1 Nxe5 12. Nxe5 Qd6 13. Bf4 Qe7 14. Qa4 Nd5
15. Bd2 Ba7 16. Rfd1 f6 17. Nd3 b5 18. Qb3 Bb7 19. Nb4 Qd7 20. e3 Nxb4 21. Bxb7
Qxb7 22. Bxb4 dxe3 23. Qxe6+ Qf7 24. Qxf7+ Rxf7 25. Bc5 exf2+ 26. Bxf2 Bxf2+ 27.
Kxf2 Re7 28. Rc6 Rae8 29. Rd2 Re6 30. Rc7 R8e7 31. Rxe7 Rxe7 32. Rd6 Rc7 33.
Rxa6 Rc2+ 34. Kg1 Rxb2 35. a4 bxa4 36. Rxa4 Kf7 37. Rc4 g5 38. Rg4 Kg6 39. h4 h6
40. hxg5 hxg5 41. Rc4 Kf5 42. Ra4 Ke5 43. Rc4 Rd2 44. Ra4 f5 45. Rb4 Rd4 46. Rb2
Ke4 47. Kf2 Rc4 48. Ra2 Kd3 49. Ra5 Rc2+ 50. Kf1 Ke4 51. Rb5 Rd2 52. Ra5 Rd5 53.
Ra2 Kf3 54. Ra3+ Kg4 55. Rb3 Rd2 56. Kg1 Kh3 57. Rf3 Rd5 58. Ra3 Rd1+ 59. Kf2
Rd2+ 60. Kf1 Rh2 61. Ra5 Kxg3 62. Rxf5 Rh1+ 63. Ke2 g4 64. Rg5 Ra1 65. Rg8 Rg1
66. Ra8 Kh2 67. Kf2 g3+ 68. Kf3 Rf1+ 69. Kg4 g2 70. Rh8+ Kg1 71. Kg3 Ra1 72. Rb8
Ra3+ 73. Kg4 Rd3 74. Rf8 Rd7 75. Kf3 Rh7 76. Rg8 Kh1 0-1

[Event "32nd ECC Open 2016"]
[Site "Novi Sad SRB"]
[Date "2016.11.11"]
[Round "6.19"]
[Board "3"]
[White "Pedersen, Daniel Vesterbaek"]
[Black "Westerinen, Heikki M.J."]
[Result "0-1"]
[WhiteTitle "FM"]
[BlackTitle "GM"]
[WhiteElo "2234"]
[BlackElo "2311"]
[WhiteTeam "Skakklubben Nordkalotten"]
[BlackTeam "Salon Shakkikerho"]
[WhiteFideId "1402161"]
[BlackFideId "500020"]
[EventDate "2016.11.06"]

1. e4 Nf6 2. e5 Nd5 3. d4 d6 4. Nf3 Nc6 5. c4 Nb6 6. exd6 exd6 7. Nc3 Bg4 8. Be2
Be7 9. O-O O-O 10. b3 Re8 11. h3 Bh5 12. Be3 Bf6 13. Qd2 d5 14. c5 Nc8 15. b4 a6
16. Rfd1 h6 17. g4 Bg6 18. a3 Be4 19. Ra2 N8e7 20. Nh2 Bh7 21. f4 Qd7 22. Bf3
Rad8 23. Bf2 Be4 24. Nxe4 dxe4 25. Bxe4 Bxd4 26. Bxd4 Nxd4 27. Nf3 Qe6 28. Qf2
Ne2+ 29. Qxe2 Rxd1+ 30. Qxd1 Qxe4 31. Kf2 Nd5 32. Re2 Nc3 0-1

[Event "32nd ECC Open 2016"]
[Site "Novi Sad SRB"]
[Date "2016.11.11"]
[Round "6.19"]
[Board "4"]
[White "Jarvenpaa, Jari"]
[Black "Nielsen, Lars Aaes"]
[Result "1-0"]
[WhiteTitle "FM"]
[BlackTitle "FM"]
[WhiteElo "2249"]
[BlackElo "2241"]
[WhiteTeam "Salon Shakkikerho"]
[BlackTeam "Skakklubben Nordkalotten"]
[WhiteFideId "504220"]
[BlackFideId "1401726"]
[EventDate "2016.11.06"]

1. e4 e6 2. d4 d5 3. Nd2 c5 4. exd5 Qxd5 5. Ngf3 cxd4 6. Bc4 Qd6 7. Qe2 Nc6 8.
Ne4 Qb4+ 9. c3 dxc3 10. bxc3 Qa5 11. O-O Nf6 12. Nxf6+ gxf6 13. Nd4 Be7 14. Rb1
a6 15. Nxc6 bxc6 16. Qe4 Bd7 17. Rb7 Rd8 18. Rd1 Qa4 19. Rdxd7 Rxd7 20. Rxd7 f5
21. Rxe7+ Kxe7 22. Bg5+ Kd6 23. Qd4+ Kc7 24. Qa7+ Kd6 25. Be7+ 1-0

[Event "32nd ECC Open 2016"]
[Site "Novi Sad SRB"]
[Date "2016.11.11"]
[Round "6.19"]
[Board "5"]
[White "Ejsing, Esben"]
[Black "Hynninen, Juha"]
[Result "0-1"]
[WhiteElo "2205"]
[BlackElo "2220"]
[WhiteTeam "Skakklubben Nordkalotten"]
[BlackTeam "Salon Shakkikerho"]
[WhiteFideId "1418572"]
[BlackFideId "504289"]
[EventDate "2016.11.06"]

1. d4 Nf6 2. Nf3 e6 3. Nc3 d5 4. Bf4 a6 5. Qd3 c5 6. e4 cxd4 7. Nxd4 Bb4 8. exd5
Nxd5 9. Bd2 Nxc3 10. Bxc3 Qa5 11. Be2 Bxc3+ 12. bxc3 Nd7 13. O-O Qc7 14. f4 O-O
15. Qf3 Rd8 16. Rae1 Nf8 17. f5 e5 18. Nb3 Nd7 19. c4 Nf6 20. g4 Bd7 21. g5 Bc6
22. Qh3 Ne4 23. g6 Nf6 24. Bd3 a5 25. gxh7+ Kh8 26. Nd2 Rd4 27. Re3 Rg4+ 28. Rg3
Qb6+ 29. Rf2 Rf4 30. Nf3 e4 31. Ne5 Qxf2+ 0-1

[Event "32nd ECC Open 2016"]
[Site "Novi Sad SRB"]
[Date "2016.11.11"]
[Round "6.19"]
[Board "6"]
[White "Kivijarvi, Juha"]
[Black "Jakobsen, Peter"]
[Result "1/2-1/2"]
[BlackTitle "FM"]
[WhiteElo "2193"]
[BlackElo "2201"]
[WhiteTeam "Salon Shakkikerho"]
[BlackTeam "Skakklubben Nordkalotten"]
[WhiteFideId "503258"]
[BlackFideId "1401440"]
[EventDate "2016.11.06"]

1. e4 c5 2. Nf3 d6 3. Bb5+ Bd7 4. Bxd7+ Qxd7 5. O-O Nf6 6. Qe2 Nc6 7. Rd1 Rc8 8.
c3 e6 9. d4 cxd4 10. Bg5 Be7 11. cxd4 h6 12. Bf4 d5 13. e5 Ne4 14. Ne1 O-O 15.
Be3 f6 16. f3 Ng5 17. Nd3 fxe5 18. dxe5 Rf5 19. Nd2 Nxe5 20. Bxa7 Nc6 21. Bf2 e5
22. Nb3 Bd6 23. Rac1 Qf7 24. h4 Nxf3+ 25. gxf3 Rxf3 26. Ne1 Qg6+ 27. Ng2 Rcf8
28. Bc5 e4 29. Rxd5 Bg3 30. Nd2 R8f4 31. Nxf3 exf3 32. Qc2 Qg4 33. Rcd1 Bxh4 34.
Rd6 Rc4 35. Qg6 Bg5 36. Qe8+ Kh7 37. Qg6+ Kg8 38. Qe6+ Qxe6 39. Rxe6 Rxc5 40.
Ne1 Rf5 41. Nd3 Nd4 42. Re4 Ne2+ 43. Kf2 Bf6 44. Ne1 Ng1 45. Kxg1 f2+ 46. Kf1
fxe1=Q+ 47. Kxe1 Bxb2 48. a4 Bc3+ 49. Ke2 b6 50. Rd6 Ba5 51. Rg4 h5 52. Rg1 Rf4
53. Rdg6 Bc3 54. Rxb6 Rxa4 55. Rc6 Bb2 56. Kf3 Kh7 1/2-1/2

[Event "32nd ECC Open 2016"]
[Site "Novi Sad SRB"]
[Date "2016.11.11"]
[Round "6.20"]
[Board "1"]
[White "Napoli, Nicolo"]
[Black "Getz, Nicolai"]
[Result "1/2-1/2"]
[WhiteTitle "FM"]
[BlackTitle "IM"]
[WhiteElo "2243"]
[BlackElo "2434"]
[WhiteTeam "DLF Steinitz Roma"]
[BlackTeam "Oslo Schakselskap"]
[WhiteFideId "813702"]
[BlackFideId "1505572"]
[EventDate "2016.11.06"]

1. d4 Nf6 2. c4 e6 3. Nf3 b6 4. g3 Ba6 5. Nbd2 Bb4 6. Qa4 c5 7. dxc5 bxc5 8. a3
Bxd2+ 9. Bxd2 Qb6 10. Bg2 O-O 11. O-O Nc6 12. Bg5 Ne4 13. Be3 d5 14. cxd5 exd5
15. b4 d4 16. Qc2 dxe3 17. Qxe4 Rae8 18. Qc2 exf2+ 19. Rxf2 Nd4 20. Nxd4 cxd4
21. Be4 g6 22. Raf1 f5 23. Bd3 Rc8 24. Qb3+ Kg7 25. b5 Bb7 26. Rf4 Rfd8 27. Qb4
Qe6 28. h4 Rc3 29. Kh2 h5 30. Kh3 Rd7 31. a4 Qd5 32. Be4 Rb3 33. Bxd5 Rxb4 34.
Bxb7 Rxb7 35. Rd1 Rd7 36. Ra1 Rb2 37. Rd1 Rb4 38. Ra1 Kf6 39. e3 Ke5 40. exd4+
Rdxd4 41. Rxd4 Kxd4 42. Rd1+ Ke3 43. Rd6 Rxa4 44. Rxg6 Rb4 45. Re6+ Re4 46. Ra6
Re7 47. Kg2 Rb7 48. Ra5 Rf7 49. Ra4 Rc7 50. Rf4 Rc2+ 51. Kh3 Rc5 52. Ra4 Rc7 53.
Ra6 Rd7 54. Ra4 Kd3 55. Kg2 Kc3 56. Kf3 Kb3 57. Ra1 Kc4 58. Kf4 Kxb5 59. Kxf5
Rg7 60. g4 hxg4 61. h5 g3 62. h6 Rd7 63. Rg1 Rd6 64. Kg5 Rd5+ 65. Kg6 Rd6+ 66.
Kg5 1/2-1/2

[Event "32nd ECC Open 2016"]
[Site "Novi Sad SRB"]
[Date "2016.11.11"]
[Round "6.20"]
[Board "2"]
[White "Hauge, Lars Oskar"]
[Black "Ferretti, Folco"]
[Result "1-0"]
[WhiteTitle "IM"]
[BlackTitle "FM"]
[WhiteElo "2415"]
[BlackElo "2232"]
[WhiteTeam "Oslo Schakselskap"]
[BlackTeam "DLF Steinitz Roma"]
[WhiteFideId "1509276"]
[BlackFideId "802328"]
[EventDate "2016.11.06"]

1. e4 d6 2. d4 Nf6 3. Nc3 e5 4. Nf3 Nbd7 5. g4 h6 6. g5 hxg5 7. Bxg5 c6 8. Qd2
Qc7 9. a4 Be7 10. Bc4 exd4 11. Nxd4 Nc5 12. f3 Rh5 13. Be3 d5 14. exd5 Nxd5 15.
Bxd5 cxd5 16. O-O-O Bd7 17. Rhe1 O-O-O 18. Kb1 Rxh2 19. Nde2 Qc6 20. Bf4 Rhh8
21. Nd4 Qa6 22. Rxe7 Nxa4 23. Nxa4 Qxa4 24. Qc3+ Qc4 25. Nb5 1-0

[Event "32nd ECC Open 2016"]
[Site "Novi Sad SRB"]
[Date "2016.11.11"]
[Round "6.20"]
[Board "3"]
[White "Chiaretti, Roberto"]
[Black "Mihajlov, Sebastian"]
[Result "1/2-1/2"]
[BlackTitle "FM"]
[WhiteElo "2279"]
[BlackElo "2359"]
[WhiteTeam "DLF Steinitz Roma"]
[BlackTeam "Oslo Schakselskap"]
[WhiteFideId "805149"]
[BlackFideId "1512110"]
[EventDate "2016.11.06"]

1. e4 e6 2. d3 c5 3. Nf3 Nc6 4. Qe2 g6 5. h4 h6 6. Na3 Nge7 7. Be3 d5 8. c3 b6
9. Bf4 Ba6 10. O-O-O Bg7 11. e5 b5 12. Nc2 b4 13. cxb4 cxb4 14. b3 Qa5 15. Ne3
O-O 16. Qd2 h5 17. d4 f6 18. g3 fxe5 19. dxe5 Bxf1 20. Rdxf1 d4 21. Nc4 Qa6 22.
Ng5 Na5 23. Nxa5 Qxa5 24. Kb1 Qa6 25. Qxb4 Qd3+ 26. Ka1 Nd5 27. Qc4 Nxf4 28.
gxf4 Qxc4 29. bxc4 Rae8 30. Nh3 Bh6 31. Rhg1 Kh7 32. Rb1 Re7 33. c5 Rc7 34. Rb3
Bxf4 35. Rf3 Rcf7 36. Rd1 Bh6 37. Rxf7+ Rxf7 38. Rxd4 Rc7 39. f4 Rxc5 40. Rd7+
Kg8 1/2-1/2

[Event "32nd ECC Open 2016"]
[Site "Novi Sad SRB"]
[Date "2016.11.11"]
[Round "6.20"]
[Board "4"]
[White "Kovachev, Daniel Jakobsen"]
[Black "Marzano, Carlo"]
[Result "1-0"]
[WhiteTitle "FM"]
[WhiteElo "2309"]
[BlackElo "2217"]
[WhiteTeam "Oslo Schakselskap"]
[BlackTeam "DLF Steinitz Roma"]
[WhiteFideId "1503448"]
[BlackFideId "802980"]
[EventDate "2016.11.06"]

1. e4 Nc6 2. Nf3 d6 3. d4 Nf6 4. Nc3 Bg4 5. Be3 e5 6. Bb5 exd4 7. Bxd4 Be7 8. h3
Bd7 9. O-O Nxd4 10. Bxd7+ Qxd7 11. Qxd4 O-O 12. Rad1 Qc6 13. Rfe1 Rfe8 14. Re2
Bf8 15. Rde1 Nd7 16. Qd5 Qxd5 17. Nxd5 Rac8 18. Kf1 g6 19. Nd4 c6 20. Nf4 Rcd8
21. Nd3 Nb6 22. Nb3 Nc4 23. Nd2 Nxd2+ 24. Rxd2 d5 25. exd5 Rxe1+ 26. Nxe1 Rxd5
27. Rxd5 cxd5 28. Nd3 Bd6 29. Ke2 f6 30. Ke3 Kf7 31. Kd4 Ke6 32. Nc5+ Bxc5+ 33.
Kxc5 Ke5 34. a4 f5 35. a5 g5 36. b3 h5 37. b4 h4 38. b5 g4 39. a6 bxa6 40. bxa6
d4 41. Kc6 Ke6 42. f4 gxf3 43. gxf3 Ke5 44. Kb7 Kf4 45. Kxa7 Kg3 46. Kb6 Kxh3
47. a7 1-0